Akční plán finančních služeb

Strategické ciele Akčného plánu pre jednotný finančný trh (1999): dokončenie jednotného veľkoobchodného trhu finančných služieb, tvorba otvorených a bezpečných trhov pre retailové finančné služby, dozor nad finančnými inštitúciami. Daňová harmonizácia. Plnenie priorít zo stretnutia Európskej rady v...

Descrizione completa

Salvato in:
Dettagli Bibliografici
Natura: Capitolo di libro
Lingua:ceco
Soggetti:
Tags: Aggiungi Tag
Nessun Tag, puoi essere il primo ad aggiungerne!!

MARC

LEADER 00000naa a2200000 4500
001 r048702
005 20231004072928.1
041 0 |a cze 
044 |a CZ 
245 1 0 |a Akční plán finančních služeb 
520 |a Strategické ciele Akčného plánu pre jednotný finančný trh (1999): dokončenie jednotného veľkoobchodného trhu finančných služieb, tvorba otvorených a bezpečných trhov pre retailové finančné služby, dozor nad finančnými inštitúciami. Daňová harmonizácia. Plnenie priorít zo stretnutia Európskej rady v Barcelone. 
610 2 0 |a služby finančné 
610 2 0 |a Európska únia 
610 2 0 |a trh finančný medzinárodný 
610 2 0 |a smernice 
610 2 0 |a dane 
610 2 0 |a dozor